000 00910mam a22002654a 4500
001 2362950
003 OSt
005 20230925075338.0
008 000421s1999 gw a c 000 0 ger c
040 _cLado V
082 _a750
_bB772l
100 _aBourgeois, Louise
_91087
245 1 0 _aLouise Bourgeois/
260 _bMaier Museum of Art
_aLynchburg, Virginia
_c1999
300 _a24 p.
_c27x21cm.
500 _aCatalogue of an exhibition held Feb. 28-May 2, 1999.
546 _aGerman and English.
600 1 0 _aBourgeois, Louise,
_d1911-2010
_vExhibitions.
_93067
650 _aARTE
_93516
_2Tesauro de Arte & Arquitectura
650 _aPINTURA
_93518
_2Tesauro de Arte & Arquitectura
650 _aLOUISE BOURGEOIS
_93519
_2Tesauro de Arte & Arquitectura
650 _aOBTAS
_y1989-1998
_93520
_2Tesauro de Arte & Arquitectura
942 _2ddc
_c1
_h750
_iB772l
_n0
999 _c4367
_d4367